|
|
|
|
| LEADER |
00000nkm a2200000 a 4500 |
| 001 |
vtls012062174 |
| 003 |
SK-MaSNL |
| 005 |
20260331212152.0 |
| 007 |
kf co |
| 008 |
210716s1979 xo g kuslo |
| 015 |
|
|
|a SNBG1979
|
| 040 |
|
|
|a SNK
|b slo
|c SNK
|e AACR2
|
| 041 |
0 |
|
|a slo
|
| 043 |
|
|
|a e-xo---
|
| 044 |
|
|
|a xo
|c SK
|
| 072 |
|
7 |
|a 913
|x Regionálna geografia
|2 konspekt
|
| 080 |
|
|
|a 913(437.6)
|2 2011
|
| 080 |
|
|
|a 730
|2 2011
|
| 080 |
|
|
|a 725.1:615.838
|2 2011
|
| 080 |
|
|
|a 725.1:613.47-026.912
|2 2011
|
| 080 |
|
|
|a 712.253
|2 2011
|
| 080 |
|
|
|a 711.455:615.838
|2 2011
|
| 080 |
|
|
|a (084.121)
|2 2011
|
| 100 |
1 |
|
|a Šťastný, Jozef,
|d 1936-
|4 pht
|9 7817
|
| 245 |
1 |
0 |
|a Čs. štátne kúpele Dudince
|h grafika
|c foto Jozef Šťastný, František Lorenc, Margita Marková, Elena Lorencová
|
| 246 |
1 |
|
|i Názov na obrazovej časti:
|a Dudince
|
| 260 |
|
|
|a Bratislava
|b Pravda
|c 1979
|e [Bratislava]
|f TZP-B
|
| 300 |
|
|
|a 1 pohľadnica (4 čiastkové pohľady)
|b farebná
|c 11 x 15 cm
|
| 500 |
|
|
|a Na adresnej časti uvedené: "Čs. štátne kúpele Dudince - zamerané na liečenie chorôb pohybového ústrojenstva a nervových chorôb. Obec vznikla pred 13. stor."
|
| 520 |
8 |
|
|a Zobrazenie: Štyri čiastkové pohľady, každý v bielom orámovaní, všetky spolu vo fialovom orámovaní. V druhom pohľade je hore čiernym písmom názov. Pohľad na liečebný dom Rubín, vľavo sú pred budovou listnaté stromy. V popredí sú na širokom chodníku za trávnikom lavičky, a na nich niekoľko ľudí. Vľavo aj vpavo hore zasahujú do záberu konáre ihličnatých stromov. Na streche kúpeľného domu je veľká hviezda. Pohľad na liečebný dom Smaragd, v popredí je kvetinový záhon s plastikou. Vľavo pred budovou je niekoľko ihličnatých stromov na trávniku. Pred ním je chodník, vpravo na okraji trávnika je vysoká lampa otočená do dvoch strán. Pohľad na bazén na kúpalisku. V pozadí je kúpeľná budova vľavo s terasou na streche. V bazéne je niekoľko ľudí, ďalší sú na terase. V pozadí sú listnaté stromy. Pohľad na sochu ženy v parku na trávniku. V pozadí sú ihličnaté stromy. Vľavo aj vpravo vidno časti dvoch vŕb
|
| 610 |
2 |
7 |
|a Československé štátne kúpele (Dudince, Slovensko)
|2 SNKKA
|9 296673
|
| 650 |
0 |
7 |
|a kúpele
|2 SNKPH
|2 SNKPH
|9 1139
|
| 650 |
0 |
7 |
|a kúpeľné budovy
|2 SNKPH
|9 102104
|
| 650 |
0 |
7 |
|a sochy
|2 SNKPH
|9 29846
|
| 650 |
0 |
7 |
|a parky
|2 SNKPH
|9 2942
|
| 650 |
0 |
7 |
|a bazény
|2 SNKPH
|9 30214
|
| 650 |
0 |
7 |
|a kúpaliská
|2 SNKPH
|9 4394
|
| 651 |
|
7 |
|a Dudince (Slovensko)
|2 SNKPHgeo
|9 28951
|
| 655 |
|
7 |
|a miestne pohľadnice
|2 SNKPH
|9 70510
|
| 700 |
1 |
|
|a Lorenc, František
|c (fotograf)
|4 pht
|9 177742
|
| 700 |
1 |
|
|a Marková, Margita
|c (fotografka)
|4 pht
|9 284542
|
| 700 |
1 |
|
|a Lorencová, Elena
|c (fotografka)
|4 pht
|9 283290
|
| 958 |
|
|
|a GC
|
| 958 |
|
|
|a GBN
|
| 958 |
|
|
|a OND
|
| 999 |
|
|
|c 784243
|d 786173
|
| 952 |
|
|
|a SNK
|b SNK
|y PREZ
|7 0
|p 17A1409591
|o snkSP 115786
|0 0
|1 0
|4 0
|d 2021-07-16
|f 1
|l 0
|r 2026-02-24 01:15:23
|w 2026-02-24
|
| 952 |
|
|
|a SNK
|b SNK
|y PREZ
|7 0
|p 17A1410393
|o snkSP 115786 D1
|0 0
|1 0
|4 0
|d 2021-07-16
|l 0
|r 2026-02-24 01:15:23
|w 2026-02-24
|
| 952 |
|
|
|a SNK
|b SNK
|y PREZ
|7 0
|p 17A1409590
|o snkSP 115786 D2
|0 0
|1 0
|4 0
|d 2021-07-16
|l 0
|r 2026-02-24 01:15:23
|w 2026-02-24
|
| 952 |
|
|
|a SNK
|b SNK
|y PREZ
|7 0
|p 17A1409612
|o snkSP 115786 D3
|z Pohľadnica prešla poštou.
|0 0
|1 0
|4 0
|d 2021-07-16
|l 0
|r 2026-02-24 01:15:23
|w 2026-02-24
|